000
00297nam a22001337a 4500
008
170220b xxu||||| |||| 00| 0 eng d
020
_a
9781591952787
041
_a
eng
080
_2
19 ED
_a
615
100
_a
5
101
_a
SHF
245
_a
DRUG INFORMATION HANBOOK
_c
CH.F.LACY
942
_2
udc
_c
BK
999
_c
5820
_d
5820